Cut to the chas : forty five years of editing America's favorite movies (Record no. 19344)

MARC details
000 -LEADER
fixed length control field 00574nam a2200181Ia 4500
005 - DATE AND TIME OF LATEST TRANSACTION
control field 20251211114933.0
008 - FIXED-LENGTH DATA ELEMENTS--GENERAL INFORMATION
fixed length control field 231207s9999 xx 000 0 und d
020 ## - INTERNATIONAL STANDARD BOOK NUMBER
International Standard Book Number 9780941188371
040 ## - CATALOGING SOURCE
Transcribing agency PK-LaNCA
082 ## - DEWEY DECIMAL CLASSIFICATION NUMBER
Classification number 778.53
Item number OST
100 ## - MAIN ENTRY--PERSONAL NAME
Author Name Osteen, SAm
245 #0 - TITLE STATEMENT
Title Cut to the chas : forty five years of editing America's favorite movies
260 ## - PUBLICATION, DISTRIBUTION, ETC.
Name of publisher, distributor, etc. Michael Wiese Publishers
Place of publication, distribution, etc. California
Date of publication, distribution, etc. 2001
300 ## - PHYSICAL DESCRIPTION
Pages xv, 249p
Other physical details ill
546 ## - LANGUAGE NOTE
Language note English
650 ## - SUBJECT ADDED ENTRY--TOPICAL TERM
Subject O'Steen, Sam, 1923--Interviews. Motion picture editors--United States--Interviews. FTV.
942 ## - ADDED ENTRY ELEMENTS (KOHA)
Koha item type Film & TV
999 ## -
-- 19344
-- 19344
Holdings
Withdrawn status Weedout from Library Permanent Location Current Location Shelving location Date acquired Full call number Barcode Price effective from Koha item type
    NATIONAL COLLEGE OF ARTS, LAHORE - LIBRARY NATIONAL COLLEGE OF ARTS, LAHORE - LIBRARY Film & TV Section Basement of Library 08/12/2023 FTV 778.53 OST 23553 23553 08/12/2023 Film & TV